Sankshipt Garud puran (Record no. 445609)

000 -LEADER
fixed length control field 00354cam a22001457a 4500
008 - FIXED-LENGTH DATA ELEMENTS--GENERAL INFORMATION
fixed length control field 180718b xxu||||| |||| 00| 0 eng d
082 ## - DEWEY DECIMAL CLASSIFICATION NUMBER
Classification number AB45 G271
100 ## - MAIN ENTRY--PERSONAL NAME
Personal name Greeta Press
245 ## - TITLE STATEMENT
Title Sankshipt Garud puran
Statement of responsibility, etc. Geeta press
260 ## - PUBLICATION, DISTRIBUTION, ETC.
Place of publication, distribution, etc. Gorakhpur
Name of publisher, distributor, etc. Geeta Press
Date of publication, distribution, etc.
300 ## - PHYSICAL DESCRIPTION
Extent 624p.
650 ## - SUBJECT ADDED ENTRY--TOPICAL TERM
Topical term or geographic name entry element
650 ## - SUBJECT ADDED ENTRY--TOPICAL TERM
Topical term or geographic name entry element Hinduism
650 ## - SUBJECT ADDED ENTRY--TOPICAL TERM
Topical term or geographic name entry element Puranas - Garudapuran
Holdings
Withdrawn status Lost status Damaged status Not for loan Permanent Location Current Location Date acquired Full call number Barcode Date last seen Price effective from Koha item type
        Indian Institute of Public Administration Indian Institute of Public Administration 2017-04-24 AB45 G271 86897 2018-07-21 2018-07-21 Book

Powered by Koha